Statistik utama : Johor

Bibliographic Details
Format: Book
Published: Johor : Jabatan Perangkaan Malaysia Negeri Johor , 2009-
Subjects:

MARC

LEADER 00000cam a2200000 7i4500
001 0000003929
005 20111125.0
022 0 0 |a 1985-918X 
090 0 0 |a 315.95119   |b SUJ 2009 
245 1 0 |a Statistik utama :   |b Johor 
260 0 0 |a Johor :   |b Jabatan Perangkaan Malaysia Negeri Johor ,   |c 2009- 
300 |a vii.91 p :   |b .ill (col) ;   |c 21 cm. 
500 0 0 |a Annual 
650 0 0 |a Johor   |x Statistics, Vital   |x Periodicals 
650 0 0 |a Johor   |x Statistics   |x Periodicals 
850 |a JPSM (2009) 
999 |a 007704   |b Monograph   |c Open Shelf   |e Default branch